|
|
|
|
| LEADER |
00830nam a22001697a 4500 |
| 020 |
|
|
|a 9788186772249
|
| 082 |
|
|
|a 551.463 715 6
|b P6;1
|
| 245 |
|
|
|a 26th December 2004 tsunami:
|b causes, effects, remedial measures, pre and post tsunami disaster management- a geoscientific perspective
|c ed by G V Rajamanickam
|
| 260 |
|
|
|a New Delhi:
|b New Academic Publishers,
|c 2006
|
| 300 |
|
|
|a xiv, 236p
|
| 504 |
|
|
|a Includes bibliographical references
|
| 650 |
|
|
|a Tsunamis
|9 380
|
| 700 |
|
|
|a Rajamanickam, G V Ed.
|9 381
|
| 942 |
|
|
|c BK
|
| 999 |
|
|
|c 51858
|d 51858
|
| 952 |
|
|
|0 0
|1 0
|4 0
|6 551_463000000000000_715_6_P6
|7 0
|9 52582
|a MGUL
|b MGUL
|d 2013-08-13
|e Gift
|l 0
|o 551.463 715 6 P6
|p G02321
|r 2013-08-13
|w 2013-08-13
|y BK
|
| 952 |
|
|
|0 0
|1 0
|4 0
|6 551_463000000000000_715_6_P61
|7 0
|9 52583
|a MGUL
|b MGUL
|d 2013-08-13
|e Gift
|l 0
|o 551.463 715 6 P6;1
|p G02322
|r 2013-08-13
|w 2013-08-13
|y BK
|